Economics of air transport in India (Record no. 13125)

MARC details
000 -LEADER
fixed length control field 00719nam a2200229Ia 4500
082 ## - DEWEY DECIMAL CLASSIFICATION NUMBER
Classification number TV.0003
100 ## - MAIN ENTRY--AUTHOR NAME
Personal name Ved Parkash
245 #0 - TITLE STATEMENT
Title Economics of air transport in India
260 ## - PUBLICATION, DISTRIBUTION, ETC. (IMPRINT)
Year of publication 1980
Name of publisher University of Jabalpur
300 ## - PHYSICAL DESCRIPTION
Number of Pages 358p.
650 ## - SUBJECT ADDED ENTRY--TOPICAL TERM
Topical Term COMMERCIAL AERONAUTICS//AERONAUTICS, COMMERCIAL
650 ## - SUBJECT ADDED ENTRY--TOPICAL TERM
Topical Term TRANSPORTATION, AIR//AERONAUTICS, COMMERCIAL
650 ## - SUBJECT ADDED ENTRY--TOPICAL TERM
Topical Term AIRPORTS - INDIA
650 ## - SUBJECT ADDED ENTRY--TOPICAL TERM
Topical Term AVIATION INDUSTRY//A
650 ## - SUBJECT ADDED ENTRY--TOPICAL TERM
Topical Term AERONAUTICS, COMMERCIAL
650 ## - SUBJECT ADDED ENTRY--TOPICAL TERM
Topical Term AIR TRANSPORT//AERONAUTICS, COMMERCIAL
650 ## - SUBJECT ADDED ENTRY--TOPICAL TERM
Topical Term AIRLINES - INDIA
650 ## - SUBJECT ADDED ENTRY--TOPICAL TERM
Topical Term AIRLINES - COST OF OPERATION - INDIA
650 ## - SUBJECT ADDED ENTRY--TOPICAL TERM
Topical Term COMMERCIAL AVIATION//AERONAUTICS, COMMERCIAL
710 ## - ADDED ENTRY--CORPORATE NAME
Corporate name or jurisdiction name as entry element Pachory, C.M.N.
942 ## - ADDED ENTRY ELEMENTS (KOHA)
Koha item type Thesis
Source of classification or shelving scheme Dewey Decimal Classification
Holdings
Withdrawn status Lost status Damaged status Not for loan Home library Current library Date acquired Bill Date Full call number Accession Number Price effective from Koha item type
        NASSDOC Library NASSDOC Library 08/10/2004 2004-10-22 TV.0003 27204 18/04/2019 Thesis